[Event "Sparkassen-Open A"]
[Site "Heusenstamm, Martinsee"]
[Date "2016.11.27"]
[Round "3.89"]
[White "Zerhusen, Martin"]
[Black "Oltzen, Samuel"]
[Result "1-0"]
[WhiteElo "1774"]
[BlackElo "1850"]
[PlyCount "81"]
[EventDate "2016.??.??"]
[WhiteTeam "SV Oberursel"]
[BlackTeam "Lübecker SV"]

1. d4 Nf6 2. c4 e6 3. Nf3 d5 4. e3 Be7 5. Nc3 O-O 6. Be2 dxc4 7. Bxc4 b6 8. O-O
Bb7 9. a3 Nbd7 10. b4 a5 11. b5 Rc8 12. Bb2 Nd5 13. Nxd5 Bxd5 14. Bxd5 exd5 15.
Qb3 Nf6 16. Ne5 Bd6 17. Nc6 Qd7 18. h3 Rce8 19. a4 Ne4 20. Qc2 Re6 21. Ba3 Rh6
22. Bxd6 cxd6 23. f3 Ng5 24. Rf2 Nxh3+ 25. gxh3 Qxh3 26. Rh2 Rg6+ 27. Rg2 Qxf3
28. Ne7+ Kh8 29. Nxg6+ fxg6 30. Qf2 Qxf2+ 31. Rxf2 Rc8 32. Raa2 h5 33. Rac2 Re8
34. Rfe2 g5 35. Rc6 g4 36. Rxd6 h4 37. Rxd5 h3 38. Kh2 Rc8 39. Kg3 Rc4 40. Ra2
Rc3 41. Re5 1-0

[Event "Sparkassen-Open A"]
[Site "Heusenstamm, Martinsee"]
[Date "2016.11.27"]
[Round "3.90"]
[White "Altenbernd, Dirk"]
[Black "Balhar, Michael"]
[Result "1/2-1/2"]
[WhiteElo "1902"]
[BlackElo "1758"]
[PlyCount "41"]
[EventDate "2016.??.??"]
[WhiteTeam "SG Osnabrück"]
[BlackTeam "SC Erlangen"]

1. c4 Nf6 2. g3 g6 3. Bg2 c5 4. Nc3 Bg7 5. e3 e5 6. Nge2 O-O 7. O-O Nc6 8. d4
exd4 9. exd4 d6 10. h3 Bd7 11. Be3 Qc8 12. Kh2 Ne7 13. Rc1 Bc6 14. d5 Bd7 15.
Qd2 Nf5 16. Bg5 h6 17. Bxf6 Bxf6 18. Ne4 Bg7 19. g4 Nh4 20. f4 Qc7 21. Nf2
1/2-1/2

[Event "Sparkassen-Open A"]
[Site "Heusenstamm, Martinsee"]
[Date "2016.11.27"]
[Round "3.91"]
[White "Schmitt, Clemens"]
[Black "Iwanziw, Niklas"]
[Result "0-1"]
[WhiteElo "1757"]
[BlackElo "1902"]
[PlyCount "128"]
[EventDate "2016.??.??"]
[WhiteTeam "SV Bergwinkel"]
[BlackTeam "SF Neuberg"]

1. c4 Nf6 2. g3 g6 3. Bg2 Bg7 4. Nc3 O-O 5. e4 e5 6. Nge2 d6 7. O-O Re8 8. h3
Nc6 9. d3 Ne7 10. Bg5 h6 11. Be3 c6 12. Qd2 Kh7 13. Rfd1 d5 14. cxd5 cxd5 15.
d4 Nxe4 16. Nxe4 dxe4 17. d5 Nf5 18. d6 Nd4 19. Nxd4 exd4 20. Bxd4 Qxd6 21. Qc3
Qf8 22. Rac1 h5 23. Bxg7 Qxg7 24. Qb3 f5 25. Qa4 Be6 26. Qa3 Qf7 27. Qd6 Rac8
28. Rxc8 Rxc8 29. Qa3 a6 30. b3 Bd5 31. Bf1 Bc6 32. Qd6 Qf8 33. Qe6 Qe8 34. Qd6
e3 35. Re1 Qe4 36. f3 Qxf3 37. Qe7+ Kh6 38. Qxe3+ Qxe3+ 39. Rxe3 Re8 40. Rd3
Bb5 41. Rd1 Bxf1 42. Kxf1 Re6 43. h4 Rc6 44. Rd2 g5 45. hxg5+ Kxg5 46. Kg2 h4
47. gxh4+ Kxh4 48. Kf3 Kg5 49. Rg2+ Kf6 50. Rd2 Ke5 51. Re2+ Kd4 52. Kf4 Rc5
53. Re7 b6 54. Re6 Rb5 55. Rc6 Kd5 56. Rc3 Rc5 57. Rd3+ Kc6 58. Rd2 Kb5 59. Rd6
Ka5 60. Rd4 Rc2 61. a3 Rf2+ 62. Ke5 b5 63. Rb4 Ra2 64. a4 Kxb4 0-1

[Event "Sparkassen-Open A"]
[Site "Heusenstamm, Martinsee"]
[Date "2016.11.27"]
[Round "3.92"]
[White "Midanka, Vladimir Josef"]
[Black "Lotz, Ralf"]
[Result "0-1"]
[WhiteElo "1752"]
[BlackElo "1900"]
[PlyCount "100"]
[EventDate "2016.??.??"]
[WhiteTeam "SC Brett vorm Kopp"]
[BlackTeam "SC Obertshausen"]

1. Nf3 Nf6 2. d4 g6 3. c4 Bg7 4. Nc3 d5 5. e3 c6 6. Bd3 O-O 7. O-O dxc4 8. Bxc4
Nbd7 9. a4 a6 10. b4 Nb6 11. Ba2 Nbd5 12. Nxd5 Nxd5 13. Qd2 Bg4 14. Ne1 e5 15.
f3 Be6 16. Nc2 Nc7 17. Bb2 Bxa2 18. Rxa2 Ne6 19. Rd1 Qd5 20. Ra3 Rad8 21. e4
Qd6 22. d5 cxd5 23. exd5 Qb6+ 24. Kh1 Nd4 25. Ne3 Bh6 26. Bxd4 exd4 27. Qxd4
Qxd4 28. Rxd4 Rfe8 29. Nf1 Re1 30. Kg1 Rc8 31. Kf2 Rcc1 32. Ne3 Kf8 33. d6 Ke8
34. Re4+ Kd8 35. Rd3 f5 36. Rh4 Bxe3+ 37. Rxe3 Rf1+ 38. Kg3 g5 39. Rd4 f4+ 40.
Rxf4 gxf4+ 41. Kxf4 Rfe1 42. Re4 Rxe4+ 43. fxe4 Kd7 44. g4 Kxd6 45. h4 Ke6 46.
g5 Rg1 47. h5 Rf1+ 48. Kg4 Ke5 49. h6 Rg1+ 50. Kh5 Kf4 0-1

[Event "Sparkassen-Open A"]
[Site "Heusenstamm, Martinsee"]
[Date "2016.11.27"]
[Round "3.93"]
[White "Niedenthal, Robert"]
[Black "Wüstehube, Harry"]
[Result "1/2-1/2"]
[WhiteElo "1744"]
[BlackElo "1884"]
[PlyCount "62"]
[EventDate "2016.??.??"]
[WhiteTeam "SV Hofheim"]
[BlackTeam "Kasseler SK"]

1. c4 Nf6 2. g3 g6 3. Bg2 Bg7 4. Nf3 d6 5. Nc3 O-O 6. O-O e5 7. d3 Nc6 8. a3
Bd7 9. h3 Rb8 10. Rb1 a6 11. b4 Nd4 12. Ne1 Bc6 13. f3 Nh5 14. Kh2 f5 15. b5
Bd7 16. e3 Ne6 17. a4 f4 18. g4 Ng3 19. Rf2 g5 20. Ne4 Nxe4 21. fxe4 fxe3 22.
Bxe3 Nf4 23. Nf3 h6 24. Bf1 axb5 25. axb5 Ra8 26. d4 Be6 27. d5 Bf7 28. c5 Bg6
29. Nd2 Qe7 30. Qb3 Kh7 31. Qb4 Ra2 1/2-1/2

[Event "Sparkassen-Open A"]
[Site "Heusenstamm, Martinsee"]
[Date "2016.11.27"]
[Round "3.94"]
[White "Tojcic, Josip"]
[Black "Ebeling, Leander"]
[Result "1-0"]
[WhiteElo "1850"]
[BlackElo "1691"]
[PlyCount "83"]
[EventDate "2016.??.??"]
[WhiteTeam "Frankfurter TV"]
[BlackTeam "SK Mainaschaff"]

1. e4 c6 2. d4 d5 3. exd5 cxd5 4. Nf3 Nf6 5. Bf4 a6 6. Bd3 e6 7. O-O Be7 8. c3
O-O 9. Nbd2 b5 10. Qc2 Nbd7 11. Ne5 g6 12. Nc6 Qe8 13. Bh6 Bb7 14. Nxe7+ Qxe7
15. Bxf8 Rxf8 16. Nf3 e5 17. dxe5 Nxe5 18. Nd4 Nxd3 19. Qxd3 Re8 20. f3 Nd7 21.
Qd2 Qc5 22. Rfe1 Rd8 23. Re3 Nb6 24. Rae1 Kg7 25. Qf2 Rd7 26. Qg3 Nc4 27. R3e2
b4 28. Qf2 Qd6 29. cxb4 Qxb4 30. b3 Nb6 31. Nc2 Qd6 32. Qd4+ Kh6 33. Ne3 f5 34.
Nxf5+ gxf5 35. Re6+ Kg5 36. Rxd6 Rxd6 37. f4+ Kg6 38. Re3 Nd7 39. Rg3+ Kf7 40.
Rg7+ Kf8 41. Rxh7 Nf6 42. Rxb7 1-0

[Event "Sparkassen-Open A"]
[Site "Heusenstamm, Martinsee"]
[Date "2016.11.27"]
[Round "3.95"]
[White "Lukas, Hubertus"]
[Black "Laux, Dominik"]
[Result "0-1"]
[WhiteElo "1816"]
[BlackElo "1642"]
[PlyCount "114"]
[EventDate "2016.??.??"]
[WhiteTeam "SC Siersburg"]
[BlackTeam "VSG Offenbach"]

1. e4 d5 2. e5 c5 3. c3 Nc6 4. d4 e6 5. f4 Bd7 6. Nf3 Rc8 7. Be3 c4 8. Be2 b5
9. O-O a5 10. Ng5 h6 11. Nh3 b4 12. Bf3 g6 13. g4 Nge7 14. Rf2 Rb8 15. Nd2 a4
16. Nf1 a3 17. Bc1 axb2 18. Bxb2 b3 19. a3 Qa5 20. Ne3 Rb7 21. Be2 Qa4 22. Qf1
Rg8 23. Kh1 Qa5 24. Bxc4 dxc4 25. Rg2 Nd5 26. Nxc4 Qc7 27. Qf2 Na7 28. Nd2 Nb6
29. Ne4 Be7 30. g5 h5 31. Qe2 Nc4 32. Nhf2 Bb5 33. a4 Ba6 34. Nf6+ Bxf6 35.
gxf6 Qc6 36. Rb1 Na3 37. Qe1 Nxb1 38. Qxb1 Qxa4 39. Ne4 Qa2 40. Nd6+ Kd7 41.
Qc1 Qa4 42. Nxf7 Qc6 43. Ng5 Rbb8 44. Qg1 Bb7 45. h4 Qxg2+ 46. Qxg2 Bxg2+ 47.
Kxg2 Nb5 48. Ne4 Rgc8 49. f7 Nxc3 50. f8=N+ Rxf8 51. Nc5+ Ke7 52. Na6 Nd1 53.
Ba3+ Kf7 54. d5 exd5 55. Nc7 b2 56. e6+ Kg8 57. Nxd5 b1=Q 0-1

[Event "Sparkassen-Open A"]
[Site "Heusenstamm, Martinsee"]
[Date "2016.11.27"]
[Round "3.96"]
[White "Gude, Michael"]
[Black "Berkes, Jörg"]
[Result "0-1"]
[WhiteElo "1729"]
[BlackElo "1833"]
[PlyCount "66"]
[EventDate "2016.??.??"]
[WhiteTeam "SF Fürth"]
[BlackTeam "SK Langen"]

1. e4 g6 2. d4 Bg7 3. Be3 d6 4. Nc3 Nf6 5. h3 O-O 6. Be2 c6 7. Nf3 Qa5 8. O-O
b5 9. a3 Bb7 10. Qc1 Nbd7 11. b4 Qc7 12. Nd2 a6 13. Nb3 c5 14. e5 Nd5 15. exd6
exd6 16. Nxd5 Bxd5 17. bxc5 dxc5 18. Bf4 Qc6 19. Bf3 Bxf3 20. gxf3 Qxf3 21. Qe3
Qxe3 22. fxe3 cxd4 23. Nxd4 Rac8 24. a4 Bxd4 25. exd4 Rxc2 26. axb5 axb5 27.
Ra7 Rd8 28. Rb7 Rc4 29. Be3 b4 30. Rb1 Nf6 31. R7xb4 Rxb4 32. Rxb4 Nd5 33. Kf2
Nxb4 0-1

[Event "Sparkassen-Open A"]
[Site "Heusenstamm, Martinsee"]
[Date "2016.11.27"]
[Round "3.97"]
[White "Mager, Thomas"]
[Black "Stolle, Hendrik"]
[Result "1-0"]
[WhiteElo "1832"]
[BlackElo "1618"]
[PlyCount "45"]
[EventDate "2016.??.??"]
[WhiteTeam "vereinslos"]
[BlackTeam "TG Biberach"]

1. c4 Nf6 2. g3 g6 3. Bg2 Bg7 4. Nc3 d6 5. e4 O-O 6. Nge2 e5 7. O-O Nbd7 8. d3
c6 9. h3 a6 10. a4 Rb8 11. Be3 b5 12. Qd2 b4 13. Na2 a5 14. Nac1 Bb7 15. Nb3 d5
16. Rad1 d4 17. Bg5 Qb6 18. f4 c5 19. fxe5 Ne8 20. Be7 Bxe5 21. Bxf8 Kxf8 22.
Nf4 Qc7 23. Ne6+ 1-0

[Event "Sparkassen-Open A"]
[Site "Heusenstamm, Martinsee"]
[Date "2016.11.27"]
[Round "3.98"]
[White "Kirchner, Markus"]
[Black "Draxler, Gottfried"]
[Result "1/2-1/2"]
[WhiteElo "1682"]
[BlackElo "1829"]
[PlyCount "86"]
[EventDate "2016.??.??"]
[WhiteTeam "SF Schöneck"]
[BlackTeam "SF Neuberg"]

1. e4 c5 2. Nf3 d6 3. d4 cxd4 4. Nxd4 Nf6 5. f3 g6 6. c4 Bg7 7. Nc3 a6 8. Be3
O-O 9. Be2 Bd7 10. Qd2 Nc6 11. O-O Rc8 12. Rac1 Nxd4 13. Bxd4 Bc6 14. b4 Ne8
15. Be3 Nc7 16. Rc2 Qe8 17. Rfc1 Qd8 18. Bf1 Qe8 19. Kh1 Rd8 20. Bb6 Rc8 21.
Nd5 Na8 22. Qf2 e6 23. Nc3 Qe7 24. Be3 Rfd8 25. a3 Bf6 26. Rd2 h5 27. Ne2 Qe8
28. Nd4 Bd7 29. Rdc2 Ba4 30. Rd2 Be7 31. Be2 Kg7 32. Bd1 Bxd1 33. Rdxd1 Rd7 34.
Rc2 Rcc7 35. Rdc1 Rc8 36. Re1 Rdc7 37. Rec1 Qd7 38. Qd2 e5 39. Ne2 Qe6 40. Qd5
Qxd5 41. exd5 b6 42. Kg1 f5 43. f4 Kf6 1/2-1/2

[Event "Sparkassen-Open J"]
[Site "Heusenstamm, Martinsee"]
[Date "2016.11.27"]
[Round "1.2"]
[White "Irrgang, Natascha"]
[Black "PorstendÃ¶rfer, Yannik"]
[Result "0-1"]
[WhiteElo "932"]
[BlackElo "1231"]
[PlyCount "78"]
[EventDate "2016.??.??"]
[WhiteTeam "SV Hofheim"]
[BlackTeam "SK Klingenberg"]

1. e4 d5 2. exd5 Nf6 3. d4 Qxd5 4. Nc3 Qd8 5. Bf4 e6 6. Nf3 Bb4 7. Qd2 Nc6 8.
a3 Ba5 9. Bc4 O-O 10. O-O-O Ne4 11. Qe3 Nxc3 12. Rd3 Nd5 13. Bxd5 Qxd5 14. Ne5
Qxg2 15. Rhd1 Bb6 16. Nf3 Qh3 17. Qe4 Qf5 18. Qe2 Qxf4+ 19. Kb1 Ba5 20. Rg1 b6
21. Qf1 g6 22. h4 Ba6 23. h5 Bxd3 24. Qxd3 Qf5 25. hxg6 fxg6 26. Qd1 Qxf3 27.
Qxf3 Rxf3 28. c3 Rxf2 29. b4 Bxb4 30. axb4 a5 31. b5 Ne7 32. Re1 a4 33. Rxe6 a3
34. Rxe7 a2+ 35. Ka1 Rf1+ 36. Kb2 a1=Q+ 37. Kc2 Rf3 38. Kd2 Qb2+ 39. Kd1 Ra1#
0-1

[Event "Sparkassen-Open J"]
[Site "Heusenstamm, Martinsee"]
[Date "2016.11.27"]
[Round "1.3"]
[White "EdenhÃ¤user, Hermann"]
[Black "Dixon, Laura Michaela"]
[Result "1-0"]
[WhiteElo "1330"]
[BlackElo "906"]
[PlyCount "107"]
[EventDate "2016.??.??"]
[WhiteTeam "SC Heusenstamm"]
[BlackTeam "VSG Offenbach"]

1. e4 e5 2. Nf3 Nc6 3. Bc4 Bc5 4. c3 Nf6 5. d4 exd4 6. e5 Ng8 7. cxd4 Bb4+ 8.
Bd2 Bxd2+ 9. Nbxd2 d6 10. O-O Nge7 11. exd6 Qxd6 12. Ng5 O-O 13. Ndf3 Bg4 14.
Nxf7 Rxf7 15. Bxf7+ Kxf7 16. Ng5+ Kg8 17. Qxg4 a5 18. Qe6+ Qxe6 19. Nxe6 Nd5
20. Rac1 Re8 21. Rfe1 Kf7 22. Ng5+ Kf8 23. Nxh7+ Kf7 24. Ng5+ Kf8 25. Rxe8+
Kxe8 26. Rc5 Nf4 27. d5 Ne7 28. Rxc7 Nexd5 29. Rxb7 a4 30. Ra7 Nb6 31. Ne6 Nxe6
32. Ra6 Nc5 33. Rxb6 Nd3 34. h4 Kf8 35. g4 Ne5 36. Ra6 Nxg4 37. Rxa4 Nf6 38.
Rf4 Kf7 39. b4 Kg6 40. Rxf6+ Kxf6 41. b5 Ke7 42. a4 Kd7 43. a5 Kc7 44. b6+ Kb7
45. f4 Ka6 46. h5 Kb7 47. h6 gxh6 48. f5 h5 49. f6 Kc6 50. f7 h4 51. f8=Q Kb5
52. b7 Kxa5 53. b8=Q Ka6 54. Qa3# 1-0

[Event "Sparkassen-Open J"]
[Site "Heusenstamm, Martinsee"]
[Date "2016.11.27"]
[Round "1.4"]
[White "Papadopoulos, Leon"]
[Black "Lorenz, Alexander"]
[Result "0-1"]
[WhiteElo "892"]
[BlackElo "1311"]
[PlyCount "70"]
[EventDate "2016.??.??"]
[WhiteTeam "SV Oberursel"]
[BlackTeam "SV Bergwinkel"]

1. e4 c5 2. Nf3 d6 3. d4 cxd4 4. Nxd4 Nf6 5. Nc3 g6 6. Be3 Bg7 7. Qd2 O-O 8.
O-O-O Nc6 9. Nb3 Bd7 10. Bc4 Rc8 11. Rhe1 Ne5 12. Be2 b6 13. Bg5 Nc4 14. Bxc4
Rxc4 15. Qe2 Qc7 16. Qe3 Ng4 17. Qd2 Bxc3 18. bxc3 Rxc3 19. Bxe7 Rc8 20. Re2
Bb5 21. Bxd6 Qc4 22. Rde1 Qa4 23. a3 Bxe2 24. Rxe2 Qxb3 25. Kd1 Qb1+ 26. Qc1
Rd3+ 27. Rd2 Nxf2+ 28. Ke2 Qxc1 29. Bf4 Rxd2+ 30. Bxd2 Rxc2 31. Kxf2 Qxd2+ 32.
Kg3 Rc3+ 33. Kh4 Qf4+ 34. g4 g5+ 35. Kh5 Rh3# 0-1

[Event "Sparkassen-Open J"]
[Site "Heusenstamm, Martinsee"]
[Date "2016.11.27"]
[Round "1.5"]
[White "Mogler, Michael"]
[Black "Keller, Erik"]
[Result "1-0"]
[WhiteElo "1304"]
[BlackElo "887"]
[PlyCount "33"]
[EventDate "2016.??.??"]
[WhiteTeam "TuS Makkabi"]
[BlackTeam "SC Heusenstamm"]

1. e4 e5 2. Nf3 Nf6 3. Nc3 Nc6 4. d4 exd4 5. Nxd4 Bb4 6. Nxc6 bxc6 7. Bd3 O-O
8. O-O Bxc3 9. bxc3 Re8 10. Re1 Rb8 11. Bg5 d6 12. Qd2 h6 13. Bh4 Bd7 14. f4
Qe7 15. e5 dxe5 16. fxe5 g5 17. exf6 1-0

[Event "Sparkassen-Open J"]
[Site "Heusenstamm, Martinsee"]
[Date "2016.11.27"]
[Round "1.6"]
[White "Negru, Jan"]
[Black "Policarpo, Raphael"]
[Result "0-1"]
[WhiteElo "881"]
[BlackElo "1273"]
[PlyCount "116"]
[EventDate "2016.??.??"]
[WhiteTeam "SK Bad Homburg"]
[BlackTeam "SC Heusenstamm"]

1. e4 c5 2. Nc3 Nc6 3. Bc4 Nf6 4. Nf3 d6 5. Ng5 e6 6. d3 h6 7. Nf3 e5 8. Be3
Bg4 9. h3 Bh5 10. g4 Bg6 11. Qd2 Be7 12. O-O-O O-O 13. g5 hxg5 14. Nxg5 a6 15.
Qe1 b5 16. Bb3 b4 17. Na4 Na5 18. Bc4 Nxc4 19. dxc4 Nxe4 20. Nxe4 Bxe4 21. Rg1
Bg6 22. Qd2 Qa5 23. b3 Rfd8 24. Bh6 gxh6 25. Qxh6 Bf8 26. Rxg6+ fxg6 27. Qxg6+
Bg7 28. Qe6+ Kh8 29. Rg1 Qc7 30. Rg5 Rd7 31. Rh5+ Bh6+ 32. Rxh6+ Rh7 33. Qf6+
Qg7 34. Rxh7+ Kxh7 35. Qxd6 Qh6+ 36. Qxh6+ Kxh6 37. Nxc5 Rf8 38. Nxa6 Rxf2 39.
Nxb4 e4 40. c5 e3 41. Nd3 Rf6 42. Ne5 Rf1+ 43. Kb2 e2 44. Nd3 Rd1 45. Nf2 Rd8
46. Nd3 Rxd3 47. cxd3 e1=Q 48. Ka3 Qa5+ 49. Kb2 Qxc5 50. a4 Kh5 51. d4 Qxd4+
52. Ka3 Qc5+ 53. Kb2 Kh4 54. Ka2 Kxh3 55. Kb2 Kg2 56. a5 Qxa5 57. Kc2 Kf3 58.
Kd3 Qc5 0-1

[Event "Sparkassen-Open J"]
[Site "Heusenstamm, Martinsee"]
[Date "2016.11.27"]
[Round "1.7"]
[White "Tornay, Haizea"]
[Black "Stumpf, Fabian"]
[Result "1-0"]
[WhiteElo "1284"]
[BlackElo "854"]
[PlyCount "83"]
[EventDate "2016.??.??"]
[WhiteTeam "SC Herborn"]
[BlackTeam "SF Neuberg"]

1. e4 e5 2. Nf3 Nc6 3. d4 f6 4. Nc3 Bb4 5. d5 Nce7 6. Bd2 Bxc3 7. Bxc3 d6 8.
Bc4 a6 9. O-O Bg4 10. Qd3 b5 11. Bb3 Bxf3 12. Qxf3 a5 13. a3 c5 14. Qe2 b4 15.
Qb5+ Qd7 16. Qxd7+ Kxd7 17. axb4 Ra7 18. bxc5 f5 19. cxd6 Kxd6 20. Rfe1 Nf6 21.
exf5 Nxf5 22. Bxe5+ Kd7 23. Ba4+ Kc8 24. Bxf6 gxf6 25. Re6 Rf8 26. c4 Ng7 27.
Rc6+ Kb8 28. Bb5 Kb7 29. Re1 Re8 30. Rd1 Nf5 31. Rxf6 Re5 32. f4 Ne3 33. fxe5
Nxd1 34. Rf7+ Kb6 35. Rxa7 Kxa7 36. e6 Ne3 37. e7 Nxd5 38. e8=Q Nc7 39. Qd7 Kb6
40. Qc6+ Ka7 41. Qxc7+ Ka8 42. Bc6# 1-0

[Event "Sparkassen-Open J"]
[Site "Heusenstamm, Martinsee"]
[Date "2016.11.27"]
[Round "1.8"]
[White "GrÃ¤f, Kilian Gabriel"]
[Black "Englert, Lin"]
[Result "0-1"]
[WhiteElo "841"]
[BlackElo "1211"]
[PlyCount "98"]
[EventDate "2016.??.??"]
[WhiteTeam "SV Frankfurt Nord"]
[BlackTeam "TV-GroÃŸostheim"]

1. d4 d5 2. c4 e6 3. Nc3 Nf6 4. cxd5 exd5 5. Qc2 Bb4 6. Bg5 Qd6 7. a3 Ba5 8.
Qa4+ Nc6 9. Nf3 O-O 10. e3 Ne4 11. Qc2 Bf5 12. Bd3 Qg6 13. Rd1 a6 14. O-O Bxc3
15. bxc3 Nxg5 16. Nxg5 Bxd3 17. Rxd3 Qxg5 18. f4 Qg4 19. Rf3 Rfe8 20. Rh3 Re6
21. Rd2 Rg6 22. g3 Qxh3 23. Qb3 b5 24. Qxd5 Qe6 25. Qf3 Rf6 26. d5 Qe7 27. dxc6
Qxa3 28. Qd5 Rd6 29. Qg2 Qxc3 30. Rxd6 Qe1+ 31. Qf1 Qxf1+ 32. Kxf1 cxd6 33. Ke2
Rc8 34. Kd3 Rxc6 35. Kd4 Kf8 36. e4 a5 37. Kd5 Rb6 38. Kd4 b4 39. Kc4 b3 40.
Kd3 b2 41. e5 b1=Q+ 42. Kd4 dxe5+ 43. fxe5 Qb4+ 44. Kd5 Qb5+ 45. Kd4 Rc6 46. e6
Rc4+ 47. Kd3 Qb3+ 48. Ke2 Rc2+ 49. Kf1 Qb1# 0-1

[Event "Sparkassen-Open J"]
[Site "Heusenstamm, Martinsee"]
[Date "2016.11.27"]
[Round "1.9"]
[White "Roytblat, David"]
[Black "SchÃ¶nau, Tom"]
[Result "1/2-1/2"]
[WhiteElo "1163"]
[BlackElo "837"]
[PlyCount "44"]
[EventDate "2016.??.??"]
[WhiteTeam "SC Heusenstamm"]
[BlackTeam "SC Herborn"]

1. d4 d5 2. c4 c6 3. Nc3 Nf6 4. Bg5 e6 5. e3 Be7 6. Nf3 Nbd7 7. Bd3 b6 8. O-O
O-O 9. Qc2 Bb7 10. Ne5 h6 11. Bxf6 Nxf6 12. f4 c5 13. dxc5 bxc5 14. Rad1 d4 15.
exd4 Qxd4+ 16. Qf2 Qxf2+ 17. Rxf2 Rad8 18. Rfd2 Rd6 19. Nb5 Ra6 20. b3 Rd8 21.
Bh7+ Kxh7 22. Rxd8 Bxd8 1/2-1/2

[Event "Sparkassen-Open J"]
[Site "Heusenstamm, Martinsee"]
[Date "2016.11.27"]
[Round "1.10"]
[White "Burkart, Lloyd Shang"]
[Black "Feng, Felix"]
[Result "0-1"]
[WhiteElo "783"]
[BlackElo "1163"]
[PlyCount "130"]
[EventDate "2016.??.??"]
[WhiteTeam "TuS Makkabi"]
[BlackTeam "SF Neuberg"]

1. d4 d6 2. Bf4 g6 3. e4 Bg7 4. Nf3 Bd7 5. Nc3 a6 6. Bc4 b5 7. Bd5 Bc6 8. Bxc6+
Nxc6 9. O-O e5 10. Be3 Nge7 11. d5 Nb8 12. Qe2 Nd7 13. Rad1 O-O 14. Rfe1 f5 15.
Qd2 f4 16. Bxf4 Rxf4 17. Ne2 Rf6 18. Ng5 Bh6 19. h4 Bxg5 20. hxg5 Rf7 21. Ng3
Qf8 22. Qe3 Rxf2 23. Qxf2 Qxf2+ 24. Kxf2 Rf8+ 25. Kg1 Nc8 26. Rf1 Ncb6 27.
Rxf8+ Kxf8 28. b3 Nc5 29. Rf1+ Kg7 30. Kf2 a5 31. Ke2 a4 32. bxa4 Nbxa4 33. Rb1
Nc3+ 34. Kd2 Nxb1+ 35. Kc1 Nc3 36. Kb2 N3a4+ 37. Ka3 Nc3 38. Nf1 N5xe4 39. g4
b4+ 40. Kxb4 Nxa2+ 41. Kb3 Nc1+ 42. Kb2 Ne2 43. c4 Nxg5 44. Kb3 Kf7 45. Kb4 Ke7
46. Kb5 Kd7 47. Ne3 Nd4+ 48. Kb4 c6 49. dxc6+ Kxc6 50. Nd5 h5 51. gxh5 gxh5 52.
Ne3 h4 53. Nf1 h3 54. Ng3 h2 55. Kc3 Ne2+ 56. Nxe2 h1=Q 57. Ng3 Qf3+ 58. Kb4
Qxg3 59. c5 dxc5+ 60. Kc4 Qf4+ 61. Kb3 Qb4+ 62. Kc2 Qa3 63. Kd2 Kd5 64. Ke2 Ke4
65. Kf1 Qb2 0-1

[Event "Sparkassen-Open J"]
[Site "Heusenstamm, Martinsee"]
[Date "2016.11.27"]
[Round "1.11"]
[White "Goetz, Fenja"]
[Black "Grebe, Sabrina"]
[Result "1-0"]
[WhiteElo "1160"]
[BlackElo "774"]
[PlyCount "43"]
[EventDate "2016.??.??"]
[WhiteTeam "SK Bad Homburg"]
[BlackTeam "SC Heusenstamm"]

1. e4 e5 2. Nf3 Nc6 3. d4 d6 4. Bb5 Nf6 5. Nc3 Bg4 6. d5 Qd7 7. dxc6 bxc6 8.
Bc4 Be7 9. Bg5 h6 10. Be3 O-O 11. O-O Bxf3 12. Qxf3 Rab8 13. b3 d5 14. exd5
cxd5 15. Nxd5 Rfe8 16. Rad1 Bd6 17. Nxf6+ gxf6 18. Qxf6 e4 19. Bxh6 Bf8 20.
Rxd7 Rb6 21. Qxf7+ Kh8 22. Qh7# 1-0

[Event "Sparkassen-Open A"]
[Site "Heusenstamm, Martinsee"]
[Date "2016.11.27"]
[Round "4.1"]
[White "Korneev, Oleg"]
[Black "Noe, Christopher"]
[Result "1-0"]
[WhiteElo "2582"]
[BlackElo "2422"]
[PlyCount "129"]
[EventDate "2016.??.??"]
[WhiteTeam "vereinslos"]
[BlackTeam "SC Eppingen"]

1. e4 e5 2. Nf3 Nc6 3. Bb5 a6 4. Ba4 Nf6 5. O-O Nxe4 6. d4 b5 7. Bb3 d5 8. dxe5
Be6 9. Be3 Nc5 10. Nc3 Nxb3 11. axb3 Be7 12. Qd2 O-O 13. Rfd1 Nb4 14. Ne2 Bf5
15. Ned4 Be4 16. c3 Nd3 17. Qe2 Nc5 18. Nc6 Qe8 19. Nfd4 Ne6 20. f3 Nxd4 21.
Nxe7+ Qxe7 22. Bxd4 Bg6 23. b4 Rfe8 24. Qf2 Qe6 25. h3 Qf5 26. Ra5 Re6 27. Rda1
Qd3 28. Qf1 Qxf1+ 29. Kxf1 f6 30. exf6 gxf6 31. Kf2 Be8 32. Re1 Rxe1 33. Kxe1
Kf7 34. Kf2 Bd7 35. g4 Bc6 36. Ra1 Bb7 37. Re1 Bc6 38. Ra1 Bb7 39. Re1 Bc6 40.
f4 Re8 41. Ra1 Bb7 42. Kf3 Bc8 43. Rg1 Bd7 44. f5 Bc8 45. Rg2 Bd7 46. Kg3 Re4
47. Kh4 Bc6 48. Kh5 Kg7 49. b3 a5 50. bxa5 b4 51. Rc2 Bb5 52. cxb4 Rxd4 53.
Rxc7+ Kf8 54. Rb7 Be8+ 55. Kh4 Rd1 56. b5 d4 57. b6 Rb1 58. Rb8 d3 59. a6 d2
60. Rd8 Rxb3 61. a7 d1=Q 62. Rxd1 Bc6 63. b7 Bxb7 64. Rd8+ Ke7 65. Rb8 1-0

[Event "Sparkassen-Open A"]
[Site "Heusenstamm, Martinsee"]
[Date "2016.11.27"]
[Round "4.3"]
[White "Kollars, Dmitrij"]
[Black "Telljohann, Sven"]
[Result "1-0"]
[WhiteElo "2501"]
[BlackElo "2408"]
[PlyCount "77"]
[EventDate "2016.??.??"]
[WhiteTeam "Hamburger SK"]
[BlackTeam "Frankfurter TV"]

1. e4 g6 2. d4 Bg7 3. Nc3 c6 4. Nf3 d5 5. h3 dxe4 6. Nxe4 Nf6 7. Nxf6+ exf6 8.
Bd3 O-O 9. O-O Qd6 10. Re1 Nd7 11. b3 Rd8 12. a4 Nf8 13. Ba3 Qc7 14. Qd2 Bd7
15. c4 Re8 16. d5 a6 17. a5 f5 18. d6 Qd8 19. Rxe8 Qxe8 20. Re1 Be6 21. c5 Qd8
22. Qb4 Rb8 23. Bc1 Bf6 24. Ne5 Bd5 25. Bc4 Ne6 26. Bxd5 cxd5 27. Qd2 Bg5 28.
Qxd5 Qxa5 29. Rd1 Bxc1 30. Rxc1 Qa3 31. Qc4 Qb2 32. Re1 Qd4 33. Qxd4 Nxd4 34.
Rd1 Ne6 35. b4 Ra8 36. Nc4 Kf8 37. Kf1 Ke8 38. Na5 Rb8 39. c6 1-0

[Event "Sparkassen-Open A"]
[Site "Heusenstamm, Martinsee"]
[Date "2016.11.27"]
[Round "4.4"]
[White "Barski, Radoslaw"]
[Black "Kveinys, Aloyzas"]
[Result "1/2-1/2"]
[WhiteElo "2387"]
[BlackElo "2499"]
[PlyCount "117"]
[EventDate "2016.??.??"]
[WhiteTeam "SC Heusenstamm"]
[BlackTeam "vereinslos"]

1. e4 g6 2. d4 Bg7 3. Nc3 d6 4. Be3 a6 5. Qd2 b5 6. h4 h5 7. Nh3 Bxh3 8. Rxh3
Nf6 9. f3 c6 10. Nd1 Nbd7 11. Nf2 c5 12. a4 cxd4 13. Bxd4 bxa4 14. Rxa4 Qc8 15.
Qc3 O-O 16. Rc4 Qe8 17. Qa5 e6 18. Ra4 Qe7 19. Qd2 Nb8 20. Be3 Rc8 21. Bg5 Qe8
22. Rd4 Nh7 23. Rxd6 Bxb2 24. f4 Nc6 25. Nd1 Bg7 26. e5 Bf8 27. Rdd3 Nb4 28.
Rc3 Nxg5 29. hxg5 Qa4 30. Rxc8 Rxc8 31. c3 Nd5 32. Rf3 Bc5 33. Be2 Bb6 34. Kf1
Rd8 35. Qc1 Qc6 36. Nf2 Qc5 37. Kg1 Qc6 38. c4 Ne7 39. Kh2 Bxf2 40. Rxf2 Nf5
41. Qa3 Qe4 42. Qc3 Nd4 43. Bf1 Nc6 44. Qf3 Qd4 45. Ra2 Nb4 46. Ra3 Qc5 47. Qe3
Rd4 48. Ra5 Qb6 49. c5 Qd8 50. Ra4 a5 51. Rxa5 Rxf4 52. Qxf4 Qxa5 53. Qd4 Nc6
54. Qd6 Qa4 55. g3 h4 56. Bg2 hxg3+ 57. Kh3 Nd4 58. Qd8+ Kh7 59. Qe7 1/2-1/2

[Event "Sparkassen-Open A"]
[Site "Heusenstamm, Martinsee"]
[Date "2016.11.27"]
[Round "4.5"]
[White "Wieczorek, Oskar"]
[Black "Milov, Leonid"]
[Result "1/2-1/2"]
[WhiteElo "2465"]
[BlackElo "2406"]
[PlyCount "50"]
[EventDate "2016.??.??"]
[WhiteTeam "SC Heusenstamm"]
[BlackTeam "SC Noris-Tarrasch Nürnberg"]

1. e4 d5 2. exd5 Qxd5 3. Nc3 Qa5 4. d4 Nf6 5. Nf3 Bf5 6. Bd2 Nbd7 7. b4 Qb6 8.
a4 a6 9. b5 a5 10. h3 e6 11. g4 Bg6 12. Bg2 Bb4 13. O-O O-O 14. Nb1 c6 15. c3
Bd6 16. Qe2 c5 17. Na3 cxd4 18. cxd4 Bxa3 19. Rxa3 Nd5 20. Ne5 Nxe5 21. dxe5
Qc5 22. Rg3 Rfc8 23. Rc1 Qd4 24. Bxd5 Rxc1+ 25. Bxc1 Qxd5 1/2-1/2